Online Catalogue and eLibrary

Political theory for mortals : (Record no. 353)

MARC details
000 -LEADER
fixed length control field 00635cam a2200217 a 4500
001 - CONTROL NUMBER
control field 1634025
005 - DATE AND TIME OF LATEST TRANSACTION
control field 20240208061859.0
008 - FIXED-LENGTH DATA ELEMENTS--GENERAL INFORMATION
fixed length control field 960311s1996 nyu b 001 0 eng
020 ## - INTERNATIONAL STANDARD BOOK NUMBER
ISBN 0801432596 (cloth : alk. paper)
020 ## - INTERNATIONAL STANDARD BOOK NUMBER
ISBN 080148376X (pbk. : alk. paper)
040 ## - CATALOGING SOURCE (பட்டியலாக்க மூலம்)
Original cataloging agency DLC
Transcribing agency DLC
Modifying agency DLC
082 00 - DDC Classification
Class No. 306.88
DDC Edition Number 20
Item Number - Author Mark JOH.
100 1# - MAIN ENTRY--PERSONAL NAME
Personal name Seery, John Evan.
245 10 - TITLE STATEMENT
Title Political theory for mortals :
Remainder of title shades of justice, images of death /
Statement of responsibility, etc. John E. Seery.
260 ## - PUBLICATION, DISTRIBUTION, ETC.
Place of publication, distribution, etc. Ithaca :
Name of publisher, distributor, etc. Cornell University Press,
Date of publication, distribution, etc. 1996.
300 ## - PHYSICAL DESCRIPTION
Extent (e.g. Volumes, Pages etc.) viii, 230 p. ;
650 #0 - SUBJECT ADDED ENTRY--TOPICAL TERM
Topical term or geographic name entry element Death
650 #0 - SUBJECT ADDED ENTRY--TOPICAL TERM
Topical term or geographic name entry element Political science
650 #0 - SUBJECT ADDED ENTRY--TOPICAL TERM
Topical term or geographic name entry element Justice.
942 ## - Koha item type (Biblio)
Koha item type Books in Stacks (Lending)
Holdings
Lost status Damaged status Collection code Home library Current library Date acquired Full call number Accession Number Item type
    Lending WERC Library WERC Library 02/08/2024 306.88 JOH. 2259 Books in Stacks (Lending)

© WERC Library